[Event "Hessen Senioren-ch 2012  8th"]
[Site "Bad Sooden-Adf. (14.4.-22.4)"]
[Date "2012.04.16"]
[Round "3.85"]
[White "Neumann, Peter Dr(39)"]
[Black "Causevic, Ismet"]
[Result "0-1"]
[WhiteElo "1462"]
[BlackElo "1841"]
[PlyCount "70"]
[EventDate "2012.04.??"]
[EventType "swiss"]
[EventRounds "9"]
[EventCountry "GER"]
[WhiteTeam "Warnemünde SF"]
[BlackTeam "Forst 1971 SF"]

1. d4 d5 2. c4 c6 3. cxd5 cxd5 4. Nc3 Nf6 5. Bg5 e6 6. a3 a6 7. Nf3 Be7 8. h3
O-O 9. e3 b5 10. Bd3 Nbd7 11. O-O Bb7 12. Bf4 Rc8 13. Rc1 Nb6 14. Nd2 Bd6 15.
Bxd6 Qxd6 16. Bb1 Rfe8 17. Qb3 e5 18. dxe5 Qxe5 19. Ne2 Nc4 20. Nxc4 dxc4 21.
Qc3 Qg5 22. Nf4 Nh5 23. f3 Nxf4 24. exf4 Qxf4 25. Qc2 g6 26. Rcd1 Rcd8 27. Qc3
Qg5 28. Rxd8 Rxd8 29. Re1 Qg3 30. Qe3 Bxf3 31. Qf2 Qxf2+ 32. Kxf2 Bc6 33. Re7
Rd2+ 34. Re2 Rxe2+ 35. Kxe2 Bxg2 0-1

[Event "Hessen Senioren-ch 2012  8th"]
[Site "Bad Sooden-Adf. (14.4.-22.4)"]
[Date "2012.04.16"]
[Round "3.86"]
[White "Schumacher, Ursula"]
[Black "Van Dongen, Rob"]
[Result "0-1"]
[WhiteElo "1446"]
[BlackElo "1834"]
[PlyCount "70"]
[EventDate "2012.04.??"]
[EventType "swiss"]
[EventRounds "9"]
[EventCountry "GER"]
[WhiteTeam "Bad Neuenahr SC"]
[BlackTeam "NED/Amsterdam VAS"]
[BlackTeamCountry "NED"]

1. c4 Nf6 2. Nc3 d6 3. Nf3 c5 4. g3 Nc6 5. Bg2 g6 6. d3 Bg7 7. O-O O-O 8. Rb1
a6 9. Bd2 Rb8 10. Ng5 h6 11. Nge4 Nd7 12. f4 f5 13. Nf2 Nf6 14. e3 Bd7 15. a3
b5 16. b4 cxb4 17. axb4 bxc4 18. Nd5 cxd3 19. Nxd3 e6 20. Nxf6+ Bxf6 21. Qc2
Qb6 22. Kh1 Rfc8 23. Qa2 Kg7 24. Rfc1 Na7 25. Qa5 Bc6 26. Qxb6 Rxb6 27. Bxc6
Rbxc6 28. Rxc6 Rxc6 29. Rc1 Rxc1+ 30. Bxc1 Bc3 31. Bb2 Bxb2 32. Nxb2 Nc6 33.
Nd3 e5 34. fxe5 dxe5 35. Kg2 e4 0-1

[Event "Hessen Senioren-ch 2012  8th"]
[Site "Bad Sooden-Adf. (14.4.-22.4)"]
[Date "2012.04.16"]
[Round "3.87"]
[White "Kempen, Willi"]
[Black "Kage, August"]
[Result "1-0"]
[WhiteElo "1855"]
[BlackElo "1346"]
[PlyCount "45"]
[EventDate "2012.04.??"]
[EventType "swiss"]
[EventRounds "9"]
[EventCountry "GER"]
[WhiteTeam "Rheydter SV"]
[BlackTeam "Göttingen Rot-Weiß ESV"]

1. e4 c5 2. Nf3 e6 3. d4 cxd4 4. Nxd4 a6 5. Bd3 Qc7 6. Nc3 Nf6 7. Bg5 Be7 8.
Qd2 O-O 9. O-O-O d6 10. Kb1 Re8 11. h4 Nbd7 12. h5 b6 13. h6 g6 14. f4 Nc5 15.
e5 dxe5 16. fxe5 Qxe5 17. Nc6 Qc7 18. Nxe7+ Qxe7 19. Rhf1 Nxd3 20. Bxf6 Qc7 21.
cxd3 b5 22. Ne4 a5 23. Bg7 1-0

[Event "Hessen Senioren-ch 2012  8th"]
[Site "Bad Sooden-Adf. (14.4.-22.4)"]
[Date "2012.04.16"]
[Round "3.88"]
[White "Grueneschild, Hildegard"]
[Black "Tuertmann, Dieter"]
[Result "0-1"]
[WhiteElo "1380"]
[BlackElo "1806"]
[PlyCount "25"]
[EventDate "2012.04.??"]
[EventType "swiss"]
[EventRounds "9"]
[EventCountry "GER"]
[WhiteTeam "München Schach-Union"]
[BlackTeam "Eberswalde 1949 ESV"]

1. c4 f5 2. e3 Nf6 3. d3 g6 4. Nc3 Bg7 5. g3 O-O 6. Bg2 c6 7. Nge2 d6 8. Rb1 e5
9. O-O Be6 10. f4 Qc7 11. e4 Nbd7 12. Be3 Ng4 13. Bc1 0-1

[Event "Hessen Senioren-ch 2012  8th"]
[Site "Bad Sooden-Adf. (14.4.-22.4)"]
[Date "2012.04.16"]
[Round "3.89"]
[White "Geist, Wolfgang"]
[Black "Mertens, Gottfried"]
[Result "1/2-1/2"]
[WhiteElo "1348"]
[BlackElo "1829"]
[PlyCount "111"]
[EventDate "2012.04.??"]
[EventType "swiss"]
[EventRounds "9"]
[EventCountry "GER"]
[WhiteTeam "Artern 90 SSV"]
[BlackTeam "Weinheim 1911 SK"]

1. d4 f5 2. Nf3 Nf6 3. e3 g6 4. c3 Bg7 5. Nbd2 d6 6. Be2 O-O 7. O-O Nc6 8. a3
e5 9. dxe5 dxe5 10. Qb3+ Kh8 11. Rd1 Qe7 12. Qc2 Be6 13. b4 Rad8 14. Bb2 h6 15.
Bc4 Nd5 16. Bb3 Bg8 17. c4 Nb6 18. c5 Bxb3 19. Nxb3 Nd5 20. g3 e4 21. Bxg7+
Qxg7 22. Nfd4 Nxd4 23. Nxd4 Qe5 24. Rac1 g5 25. Qe2 Kh7 26. Rd2 f4 27. Rf1 f3
28. Qc4 g4 29. Rfd1 c6 30. b5 Nc7 31. bxc6 bxc6 32. Qc2 Qe8 33. Qc4 Qh5 34.
Nxc6 Rxd2 35. Rxd2 Qh3 36. Qf1 Qxf1+ 37. Kxf1 Ne6 38. Rd7+ Kg6 39. Rd6 Kf5 40.
Ne7+ Kf6 41. Nd5+ Ke5 42. Nf4 Re8 43. Rd5+ Kf6 44. Rd6 Re7 45. c6 Rc7 46. Rd7
Rxd7 47. cxd7 Nd8 48. Nd5+ Ke6 49. Nc3 Kxd7 50. Nxe4 Ke6 51. Nc5+ Kd5 52. Nd3
a5 53. Nf4+ Ke4 54. Nh5 Kf5 55. Ng7+ Kg6 56. Ne8 1/2-1/2

[Event "Hessen Senioren-ch 2012  8th"]
[Site "Bad Sooden-Adf. (14.4.-22.4)"]
[Date "2012.04.16"]
[Round "3.90"]
[White "Huhn, Ulrich"]
[Black "Luebbers, Doris Dr"]
[Result "1-0"]
[WhiteElo "1789"]
[BlackElo "1345"]
[PlyCount "81"]
[EventDate "2012.04.??"]
[EventType "swiss"]
[EventRounds "9"]
[EventCountry "GER"]
[WhiteTeam "Berlin Siemensstadt SF"]
[BlackTeam "Königstein/Schwalbach Sfr."]

1. d4 d5 2. Nc3 Nf6 3. Bg5 e6 4. e4 dxe4 5. Nxe4 Be7 6. Nxf6+ Bxf6 7. Bxf6 Qxf6
8. Bd3 Nd7 9. Nf3 g6 10. h4 Qe7 11. Qd2 Nf6 12. O-O-O Bd7 13. Ne5 O-O-O 14. Qa5
Kb8 15. Nxd7+ Nxd7 16. Be4 c6 17. Rd3 Nb6 18. Qe5+ Ka8 19. Rc3 f6 20. Qc5 Qxc5
21. dxc5 Nd5 22. Bxd5 exd5 23. Re3 Rde8 24. Rhe1 Re4 25. Rxe4 dxe4 26. Rxe4 Rg8
27. Re7 h5 28. Rf7 f5 29. Kd2 Kb8 30. b4 a6 31. g3 Kc8 32. a4 Kb8 33. c4 Re8
34. Rf6 Rg8 35. b5 axb5 36. cxb5 cxb5 37. axb5 Kc8 38. c6 bxc6 39. bxc6 Rg7 40.
Ke3 Kc7 41. Kf4 1-0

[Event "Hessen Senioren-ch 2012  8th"]
[Site "Bad Sooden-Adf. (14.4.-22.4)"]
[Date "2012.04.16"]
[Round "3.91"]
[White "Fritsche, Rainer"]
[Black "Fleischer, Martin"]
[Result "0-1"]
[WhiteElo "1344"]
[BlackElo "1758"]
[PlyCount "36"]
[EventDate "2012.04.??"]
[EventType "swiss"]
[EventRounds "9"]
[EventCountry "GER"]
[WhiteTeam "Kasseler 1876 SK"]
[BlackTeam "Schwerin Einheit SV"]

1. d4 e6 2. c4 Nf6 3. Nf3 d5 4. Nc3 dxc4 5. e3 a6 6. Bxc4 b5 7. Bd3 Bb7 8. O-O
Nbd7 9. Bd2 Bd6 10. h3 h6 11. Re1 c5 12. Be2 Rc8 13. Rc1 Qb6 14. dxc5 Bxc5 15.
a3 O-O 16. b4 Bd6 17. Rf1 Bb8 18. Qb3 Qd6 0-1

[Event "Hessen Senioren-ch 2012  8th"]
[Site "Bad Sooden-Adf. (14.4.-22.4)"]
[Date "2012.04.16"]
[Round "3.92"]
[White "Helm, Irmgard"]
[Black "Burckhardt, Karl"]
[Result "1/2-1/2"]
[WhiteElo "1369"]
[BlackElo "1725"]
[PlyCount "96"]
[EventDate "2012.04.??"]
[EventType "swiss"]
[EventRounds "9"]
[EventCountry "GER"]
[WhiteTeam "Berlin Oberschöneweide TSG"]
[BlackTeam "Fulda SC"]

1. e4 d5 2. e5 d4 3. Nf3 Nc6 4. Bb5 Bd7 5. c3 dxc3 6. Nxc3 e6 7. d4 Bb4 8. O-O
Nge7 9. Bg5 h6 10. Bh4 Bxc3 11. bxc3 Nxe5 12. Bxd7+ Nxd7 13. Qa4 g5 14. Bg3 c6
15. Qc2 O-O 16. Rae1 Nf5 17. Ne5 Rc8 18. h4 gxh4 19. Bh2 Nxe5 20. Bxe5 Qg5 21.
Re4 h3 22. g3 Rfe8 23. Qe2 h5 24. Kh2 Kf8 25. g4 Ke7 26. Rg1 Rg8 27. Bf4 Qg6
28. g5 Nh6 29. Kxh3 Qf5+ 30. Kh4 Ng4 31. f3 Nh6 32. Qh2 Qg6 33. Bd6+ Kd7 34.
Bc5 Nf5+ 35. Kh3 b6 36. Ba3 f6 37. f4 fxg5 38. fxg5 c5 39. dxc5 bxc5 40. Rd1+
Ke7 41. Re5 Qxg5 42. Re4 Qg3+ 43. Qxg3 Rxg3+ 44. Kh2 Rxc3 45. Bc1 Rc2+ 46. Kh3
Rg8 47. Bf4 Rxa2 48. Rh1 Rgg2 1/2-1/2

[Event "Hessen Senioren-ch 2012  8th"]
[Site "Bad Sooden-Adf. (14.4.-22.4)"]
[Date "2012.04.16"]
[Round "3.93"]
[White "Piastowski, Kurt"]
[Black "Fister, Horst-Lothar"]
[Result "1-0"]
[WhiteElo "1749"]
[BlackElo "1273"]
[PlyCount "39"]
[EventDate "2012.04.??"]
[EventType "swiss"]
[EventRounds "9"]
[EventCountry "GER"]
[WhiteTeam "Lüneburg Turm SC"]
[BlackTeam "Werther 1949 SK"]

1. Nf3 Nf6 2. d4 d6 3. Bf4 c6 4. Nbd2 Bg4 5. c3 Nbd7 6. Qc2 h6 7. h3 Bh5 8. e4
Bg6 9. Bd3 e6 10. O-O c5 11. Rac1 Be7 12. Rfe1 O-O 13. Nc4 Nb6 14. Nxd6 Bxd6
15. Bxd6 Qxd6 16. e5 Bxd3 17. Qxd3 Qd5 18. exf6 g6 19. Qe3 cxd4 20. Qxh6 1-0

[Event "Hessen Senioren-ch 2012  8th"]
[Site "Bad Sooden-Adf. (14.4.-22.4)"]
[Date "2012.04.16"]
[Round "3.94"]
[White "Hartlaub, Marianne"]
[Black "Mewes, Hans-Dieter"]
[Result "1-0"]
[WhiteElo "1328"]
[BlackElo "1667"]
[PlyCount "34"]
[EventDate "2012.04.??"]
[EventType "swiss"]
[EventRounds "9"]
[EventCountry "GER"]
[WhiteTeam "Klingenberg SK"]
[BlackTeam "Meckelfeld TV"]

1. Nf3 Nf6 2. c4 b6 3. g3 Bb7 4. Bg2 e6 5. O-O Be7 6. d4 O-O 7. Nc3 d6 8. b3
Nbd7 9. Bb2 a6 10. Rc1 c5 11. Rc2 Qc7 12. Qa1 Rfe8 13. Rd2 Ne4 14. Nxe4 Bxe4
15. dxc5 bxc5 16. Bxg7 e5 17. Rfd1 Red8 1-0

[Event "Hessen Senioren-ch 2012  8th"]
[Site "Bad Sooden-Adf. (14.4.-22.4)"]
[Date "2012.04.16"]
[Round "3.95"]
[White "Freerksen, Uwe"]
[Black "Aepfler, Gerhard"]
[Result "1/2-1/2"]
[WhiteElo "1275"]
[BlackElo "1673"]
[PlyCount "36"]
[EventDate "2012.04.??"]
[EventType "swiss"]
[EventRounds "9"]
[EventCountry "GER"]
[WhiteTeam "Emden SK"]
[BlackTeam "Apolda TSG"]

1. e4 Nc6 2. Nc3 e5 3. Nf3 f5 4. d3 Nf6 5. Bg5 Bb4 6. a3 Bxc3+ 7. bxc3 b6 8.
Bxf6 Qxf6 9. Be2 O-O 10. O-O d6 11. Qc1 f4 12. h3 g5 13. Nh2 Ne7 14. c4 Ng6 15.
Qd1 Qg7 16. Kh1 Kh8 17. a4 Bd7 18. Rg1 Rf7 1/2-1/2

[Event "Hessen Senioren-ch 2012  8th"]
[Site "Bad Sooden-Adf. (14.4.-22.4)"]
[Date "2012.04.16"]
[Round "3.96"]
[White "Bendisch, Juergen Dr"]
[Black "Rollwitz, Inge"]
[Result "1/2-1/2"]
[WhiteElo "1692"]
[BlackElo "1255"]
[PlyCount "88"]
[EventDate "2012.04.??"]
[EventType "swiss"]
[EventRounds "9"]
[EventCountry "GER"]
[WhiteTeam "Hennef 1927 SV"]
[BlackTeam "Berlin Wedding SG"]

1. d4 d6 2. Nf3 c6 3. e4 g6 4. c4 Bg7 5. Nc3 Nf6 6. Be2 Qc7 7. O-O O-O 8. h3
Re8 9. Qc2 e5 10. dxe5 dxe5 11. Be3 b6 12. Rad1 Bb7 13. c5 b5 14. b4 Nbd7 15.
Qd2 Red8 16. Qc2 Ne8 17. a3 Nf8 18. Rxd8 Rxd8 19. Rd1 Ne6 20. Rxd8 Qxd8 21. Qd2
Qxd2 22. Nxd2 a6 23. Nb3 Bc8 24. f3 f6 25. Kf2 Nf4 26. Bf1 f5 27. h4 fxe4 28.
Nxe4 Bf5 29. Nbd2 Ne6 30. Be2 Kf8 31. g4 Bxe4 32. Nxe4 Nd4 33. Bd3 Ke7 34. Bb1
Nf6 35. Bg5 h6 36. Bxf6+ Bxf6 37. Nxf6 Kxf6 38. Be4 g5 39. hxg5+ hxg5 40. Bb1
Ke6 41. Ke3 Ke7 42. Ke4 Kf6 43. Ke3 Ne6 44. Be4 Nd4 1/2-1/2

[Event "Hessen Senioren-ch 2012  8th"]
[Site "Bad Sooden-Adf. (14.4.-22.4)"]
[Date "2012.04.16"]
[Round "3.97"]
[White "Marinoni, Rainer"]
[Black "Blosze, Winfried"]
[Result "0-1"]
[WhiteElo "1151"]
[BlackElo "1710"]
[PlyCount "62"]
[EventDate "2012.04.??"]
[EventType "swiss"]
[EventRounds "9"]
[EventCountry "GER"]
[WhiteTeam "Eschwege SC"]
[BlackTeam "Großauheim 1929 SV"]

1. e4 e5 2. Nf3 Nc6 3. Bc4 Nf6 4. c3 Be7 5. d4 exd4 6. e5 Ng4 7. O-O Ngxe5 8.
Nxe5 Nxe5 9. Bb3 dxc3 10. Qh5 Ng6 11. Qd5 O-O 12. Nxc3 c6 13. Qd4 d5 14. Be3
Bf5 15. a4 Bf6 16. Qb4 a5 17. Qb6 Qd7 18. Ba2 Ra6 19. Qb3 Qc7 20. Rac1 Qb8 21.
Ne2 Qc7 22. Qxd5 Be6 23. Qd2 Bxa2 24. b4 Be6 25. b5 Raa8 26. Bd4 Rfd8 27. Qc3
Bxd4 28. Nxd4 Bd5 29. bxc6 bxc6 30. Nxc6 Rdc8 31. Qc5 Qxc6 0-1

[Event "Hessen Senioren-ch 2012  8th"]
[Site "Bad Sooden-Adf. (14.4.-22.4)"]
[Date "2012.04.16"]
[Round "3.98"]
[White "Schmieder, Wolfgang"]
[Black "Stark, Werner(51)"]
[Result "1-0"]
[WhiteElo "1551"]
[BlackElo "1084"]
[PlyCount "83"]
[EventDate "2012.04.??"]
[EventType "swiss"]
[EventRounds "9"]
[EventCountry "GER"]
[WhiteTeam "Kassel SVH"]
[BlackTeam "Königstein/Schwalbach Sfr."]

1. c4 e6 2. Nc3 Nf6 3. d4 d5 4. c5 c6 5. Nf3 h6 6. Qc2 Qc7 7. g3 b5 8. Bf4 Qd7
9. Bg2 Be7 10. Ne5 Qb7 11. O-O O-O 12. e4 Nbd7 13. exd5 exd5 14. Rfe1 Re8 15.
Re2 g5 16. Bd2 Nf8 17. Rae1 Be6 18. f4 Bg4 19. Nxg4 Nxg4 20. h3 Nf6 21. fxg5
hxg5 22. Bxg5 N8h7 23. Bh4 a6 24. Qf5 Ra7 25. Bxf6 Nxf6 26. Qg5+ Kh7 27. Re5
Rg8 28. Qh4+ Nh5 29. Qxh5+ Kg7 30. Rxe7 Qxe7 31. Rxe7 Rxe7 32. Qg5+ Kf8 33.
Qh6+ Rg7 34. Qxc6 Rxg3 35. Qxd5 Re1+ 36. Kh2 Ree3 37. Qd6+ Kg7 38. Qxg3+ Rxg3
39. Kxg3 Kg6 40. Bb7 b4 41. Na4 f5 42. Bxa6 1-0

[Event "Hessen Senioren-ch 2012  8th"]
[Site "Bad Sooden-Adf. (14.4.-22.4)"]
[Date "2012.04.16"]
[Round "3.99"]
[White "Bartl, Birgit"]
[Black "Just, Joachim"]
[Result "0-1"]
[WhiteElo "1096"]
[BlackElo "1881"]
[PlyCount "78"]
[EventDate "2012.04.??"]
[EventType "swiss"]
[EventRounds "9"]
[EventCountry "GER"]
[WhiteTeam "Erfurt USV"]
[BlackTeam "Zeitz Motor SV"]

1. d4 g6 2. Nf3 Nf6 3. Nbd2 d5 4. e3 Bg7 5. c3 O-O 6. Bd3 c6 7. O-O Bg4 8. Re1
Nbd7 9. e4 dxe4 10. Nxe4 Nxe4 11. Bxe4 Nf6 12. Bd2 Nxe4 13. Rxe4 h5 14. h3 Bf5
15. Re1 Re8 16. Ng5 Qd5 17. Nf3 Rad8 18. Qc1 b5 19. a3 Bxh3 20. Re3 Bc8 21. Qe1
Bf6 22. Rd1 Bg4 23. Qe2 a5 24. Re1 Kg7 25. Re5 Bxe5 26. Qxe5+ Qxe5 27. Nxe5 Bd7
28. Be3 f6 29. Nd3 Be6 30. Nc5 Bd5 31. g3 g5 32. b3 a4 33. bxa4 bxa4 34. Nxa4
Ra8 35. Nb6 Ra6 36. c4 Rxb6 37. cxd5 cxd5 38. a4 Rb4 39. a5 Ra4 0-1

[Event "Hessen Senioren-ch 2012  8th"]
[Site "Bad Sooden-Adf. (14.4.-22.4)"]
[Date "2012.04.16"]
[Round "3.101"]
[White "Zwanepol, Johan"]
[Black "Graffenberger, Marianne"]
[Result "1-0"]
[WhiteElo "1714"]
[BlackElo "1129"]
[PlyCount "86"]
[EventDate "2012.04.??"]
[EventType "swiss"]
[EventRounds "9"]
[EventCountry "GER"]
[WhiteTeam "NED/Groningen SC"]
[BlackTeam "Hamburger SK"]
[WhiteTeamCountry "NED"]

1. e4 e5 2. Nf3 d6 3. Bc4 Be7 4. d3 Nf6 5. O-O O-O 6. Nc3 Bd7 7. Qe2 Nc6 8. Nd5
Bg4 9. c3 Na5 10. Nxf6+ Bxf6 11. Bb5 a6 12. Ba4 b5 13. Bc2 Nc6 14. h3 Bh5 15.
Be3 Ne7 16. g4 Bxg4 17. hxg4 Ng6 18. Nh2 Nf4 19. Qf3 Bg5 20. d4 Qe7 21. b4 Qf6
22. Rfd1 Ng6 23. Qxf6 Bxf6 24. g5 Be7 25. Bb3 Kh8 26. dxe5 Nxe5 27. f4 Nc4 28.
Bxc4 bxc4 29. Rd4 f6 30. Rxc4 Rac8 31. Kg2 fxg5 32. fxg5 c5 33. bxc5 dxc5 34.
Rd1 g6 35. Rd7 Rfe8 36. Ng4 Rb8 37. Ra4 Rb2+ 38. Kg3 Rb6 39. Rxe7 Re6 40. Rxe8+
Rxe8 41. Bxc5 Rc8 42. Bd4+ Kg8 43. Nf6+ Kf7 1-0

[Event "Hessen Senioren-ch 2012  8th"]
[Site "Bad Sooden-Adf. (14.4.-22.4)"]
[Date "2012.04.16"]
[Round "3.102"]
[White "Draxler, Gottfried"]
[Black "Ludwig, Egbert"]
[Result "1-0"]
[WhiteElo "1697"]
[BlackElo "1124"]
[PlyCount "108"]
[EventDate "2012.04.??"]
[EventType "swiss"]
[EventRounds "9"]
[EventCountry "GER"]
[WhiteTeam "Neuberg Sfr."]
[BlackTeam "Eichholz-Remmighaus TuS"]

1. d4 e6 2. c4 d5 3. Nc3 Nf6 4. Bg5 Nbd7 5. e3 Be7 6. Nf3 h6 7. Bh4 Ne4 8. Bxe7
Qxe7 9. Nxe4 dxe4 10. Nd2 Nf6 11. g3 c5 12. Bg2 cxd4 13. exd4 e5 14. d5 Bg4 15.
Qc2 Bf5 16. Qb3 Rc8 17. O-O O-O 18. Rfe1 b6 19. Bxe4 Nxe4 20. Nxe4 Bxe4 21.
Rxe4 Qd6 22. Rae1 Rfe8 23. Qe3 f6 24. Kg2 Qc5 25. b3 Qxe3 26. R4xe3 Kf7 27. a3
Ke7 28. f4 Kd6 29. fxe5+ fxe5 30. Kf3 Rf8+ 31. Ke4 Rc7 32. Kd3 Re7 33. R1e2 g6
34. Kc3 a6 35. Kd3 Rf5 36. b4 Rff7 37. Ke4 Rf6 38. Rf3 Rxf3 39. Kxf3 Rf7+ 40.
Ke3 Rf6 41. a4 a5 42. bxa5 bxa5 43. Rf2 Rxf2 44. Kxf2 g5 45. h3 h5 46. Ke3 g4
47. h4 Kc5 48. Ke4 Kd6 49. Kf5 e4 50. Kxe4 Kc5 51. Kd3 Kd6 52. Kd4 Kd7 53. Ke5
Ke7 54. c5 Kd7 1-0

[Event "Hessen Senioren-ch 2012  8th"]
[Site "Bad Sooden-Adf. (14.4.-22.4)"]
[Date "2012.04.16"]
[Round "3.103"]
[White "Jobski, Werner"]
[Black "Nols, Uwe"]
[Result "1-0"]
[WhiteElo "1483"]
[BlackElo "1171"]
[PlyCount "48"]
[EventDate "2012.04.??"]
[EventType "swiss"]
[EventRounds "9"]
[EventCountry "GER"]
[WhiteTeam "Schwerte 1951 Sfr."]
[BlackTeam "Itzehoer SV"]

1. e4 e5 2. Nf3 Nc6 3. Bb5 Nf6 4. Nc3 Nd4 5. Nxe5 c6 6. Bc4 d5 7. exd5 cxd5 8.
Bb3 Bd6 9. Ba4+ b5 10. Nxb5 Nxb5 11. Bxb5+ Bd7 12. Nxd7 Nxd7 13. Qe2+ Be7 14.
O-O O-O 15. d4 Nb6 16. b3 Nc8 17. Bf4 Bf6 18. Bc6 Nb6 19. Bxa8 Bxd4 20. Rad1
Re8 21. Qg4 Qxa8 22. Rxd4 Re6 23. Be3 Nd7 24. Rfd1 Rg6 1-0

[Event "Hessen Senioren-ch 2012  8th"]
[Site "Bad Sooden-Adf. (14.4.-22.4)"]
[Date "2012.04.16"]
[Round "3.104"]
[White "Hopp, Barbara Dr"]
[Black "Stuiber, Ingeborg"]
[Result "1-0"]
[WhiteElo "1413"]
[BlackElo "982"]
[PlyCount "84"]
[EventDate "2012.04.??"]
[EventType "swiss"]
[EventRounds "9"]
[EventCountry "GER"]
[WhiteTeam "Oberursel SV"]
[BlackTeam "Euskirchen SK"]

1. d4 d5 2. e4 e6 3. Nc3 Bb4 4. e5 c6 5. Nf3 f5 6. Bd2 Be7 7. h4 c5 8. Qe2 Nc6
9. Be3 cxd4 10. Bxd4 Nxd4 11. Nxd4 Qb6 12. Qb5+ Bd7 13. Qxb6 axb6 14. Ncb5 Rc8
15. c3 Nh6 16. f3 O-O 17. O-O-O f4 18. Bd3 Nf7 19. Rde1 Rc5 20. Kb1 Rcc8 21. h5
Nh6 22. Nd6 Bxd6 23. exd6 Rfe8 24. Re2 e5 25. Nb5 Bxb5 26. Bxb5 Re6 27. d7 Rd8
28. Rd2 Rd6 29. Rhd1 d4 30. cxd4 exd4 31. Rxd4 Nf5 32. Rxd6 Nxd6 33. Rxd6 Kf8
34. Rxb6 Ke7 35. Rxb7 Kd6 36. a4 Kd5 37. Rc7 Kd4 38. Rc8 Rxd7 39. Bxd7 Ke3 40.
Rg8 Kf2 41. Bh3 Kg3 42. Rxg7+ Kf2 1-0

[Event "Hessen Senioren-ch 2012  8th"]
[Site "Bad Sooden-Adf. (14.4.-22.4)"]
[Date "2012.04.16"]
[Round "3.105"]
[White "Koehler, Marianne"]
[Black "Britz, Helmut"]
[Result "0-1"]
[WhiteElo "1384"]
[BlackElo "1344"]
[PlyCount "59"]
[EventDate "2012.04.??"]
[EventType "swiss"]
[EventRounds "9"]
[EventCountry "GER"]
[WhiteTeam "Sennewitz 2011 SG"]
[BlackTeam "GER/"]

1. e4 e5 2. Nf3 d6 3. d3 h6 4. Nc3 Nf6 5. Bd2 Be7 6. Be2 O-O 7. O-O Nc6 8. Nd5
Be6 9. Nxe7+ Nxe7 10. Ne1 Nh7 11. f4 exf4 12. Bxf4 Ng6 13. Bd2 Qd7 14. Nf3 f5
15. exf5 Bxf5 16. Nd4 Ne5 17. Nxf5 Rxf5 18. Rxf5 Qxf5 19. d4 Nc6 20. c3 Nf6 21.
Qb3+ Kh8 22. Rf1 Qc8 23. Qc2 Qe6 24. Bf3 d5 25. Re1 Qd7 26. h3 Re8 27. Rxe8+
Qxe8 28. b4 Qe7 29. Kh2 b5 30. Bf4 0-1

[Event "Hessen Senioren-ch 2012  8th"]
[Site "Bad Sooden-Adf. (14.4.-22.4)"]
[Date "2012.04.17"]
[Round "4.1"]
[White "Ugolyk, Vitaliy"]
[Black "Hassenrueck, Helmut"]
[Result "1/2-1/2"]
[WhiteElo "2210"]
[BlackElo "2151"]
[PlyCount "86"]
[EventDate "2012.04.??"]
[EventType "swiss"]
[EventRounds "9"]
[EventCountry "GER"]
[WhiteTeam "Fulda SC"]
[BlackTeam "Gladbeck 19/23 SG"]

1. d4 Nf6 2. Nf3 e6 3. c4 b6 4. Nc3 Bb4 5. e3 Ne4 6. Bd2 Nxd2 7. Qxd2 O-O 8. a3
Bxc3 9. Qxc3 Bb7 10. Bd3 d6 11. Qc2 f5 12. e4 Qe7 13. O-O-O e5 14. dxe5 dxe5
15. c5 f4 16. Kb1 Nc6 17. Bc4+ Kh8 18. Bd5 bxc5 19. Rc1 Nd4 20. Qxc5 Qxc5 21.
Rxc5 c6 22. Bc4 Nxf3 23. gxf3 Rad8 24. Kc2 Rd4 25. Rd1 g6 26. Rxd4 exd4 27. Kd3
Rd8 28. Ra5 a6 29. b4 Bc8 30. Bxa6 Bh3 31. Ke2 Kg7 32. Bd3 h5 33. Ra7+ Kh6 34.
Rc7 Ra8 35. Rxc6 Rxa3 36. e5 Ra2+ 37. Rc2 Ra1 38. b5 Rb1 39. Rc6 Bf1+ 40. Kd2
Bxd3 41. Kxd3 Rxb5 42. e6 Kg7 43. e7 Re5 1/2-1/2

[Event "Hessen Senioren-ch 2012  8th"]
[Site "Bad Sooden-Adf. (14.4.-22.4)"]
[Date "2012.04.17"]
[Round "4.2"]
[White "Haubt, Georg"]
[Black "Kierzek, Matthias Dr"]
[Result "1-0"]
[WhiteElo "2189"]
[BlackElo "2138"]
[PlyCount "97"]
[EventDate "2012.04.??"]
[EventType "swiss"]
[EventRounds "9"]
[EventCountry "GER"]
[WhiteTeam "Oberursel SV"]
[BlackTeam "Fulda SC"]

1. e4 c6 2. d4 d5 3. f3 dxe4 4. fxe4 e5 5. Nf3 Bg4 6. Bc4 Nd7 7. Qd3 Bxf3 8.
Qxf3 Qf6 9. Qe2 Qg6 10. d5 Bc5 11. Nc3 Ngf6 12. dxc6 bxc6 13. Bd2 O-O 14. O-O-O
Bd4 15. h3 Nh5 16. Qg4 Ndf6 17. Qxg6 hxg6 18. Rhe1 Ng3 19. Ba6 Rab8 20. Bd3 Bf2
21. Re3 Bxe3 22. Bxe3 Rb7 23. Bf2 Ngh5 24. g3 Nd7 25. Na4 Nhf6 26. g4 Nb6 27.
Nc5 Rc7 28. a4 Nbd7 29. g5 Nh5 30. Na6 Rb7 31. Bc4 Nf4 32. h4 Ne6 33. Rd6 Nb6
34. Bb3 Rd8 35. Rxc6 Rbd7 36. c3 Rd6 37. Nb4 Nf4 38. Rxd6 Rxd6 39. a5 Nc8 40.
Kc2 Rd7 41. Ba4 Rc7 42. Nc6 Nd6 43. Bxa7 Nxe4 44. Bb6 Rb7 45. Nxe5 Nd5 46. Bc6
Re7 47. Nxg6 fxg6 48. Bxd5+ Kf8 49. a6 1-0

[Event "Hessen Senioren-ch 2012  8th"]
[Site "Bad Sooden-Adf. (14.4.-22.4)"]
[Date "2012.04.17"]
[Round "4.3"]
[White "Ljubarskij, Juri"]
[Black "Holscher, Peter"]
[Result "1-0"]
[WhiteElo "2168"]
[BlackElo "1959"]
[PlyCount "65"]
[EventDate "2012.04.??"]
[EventType "swiss"]
[EventRounds "9"]
[EventCountry "GER"]
[WhiteTeam "Hannover 96 Schach"]
[BlackTeam "NED/Hoorn Caissa"]
[BlackTeamCountry "NED"]

1. d4 Nf6 2. Nf3 e6 3. c4 b6 4. g3 Ba6 5. b3 Bb4+ 6. Bd2 Be7 7. Bg2 c6 8. O-O
O-O 9. Ne5 d5 10. Bc3 Qc7 11. Nd2 Nbd7 12. Nxd7 Qxd7 13. e4 b5 14. Re1 bxc4 15.
bxc4 dxc4 16. Bf1 Rab8 17. Bxc4 Bxc4 18. Nxc4 Bb4 19. Rc1 c5 20. Bxb4 Rxb4 21.
e5 Nd5 22. dxc5 Rc8 23. Nd6 Rc7 24. a3 Rb8 25. Rb1 Rxb1 26. Qxb1 h6 27. Rc1 Qa4
28. Qd3 Qa5 29. Rb1 g6 30. Rb8+ Kh7 31. Ne4 Qe1+ 32. Kg2 Qa1 33. Nd6 1-0

[Event "Hessen Senioren-ch 2012  8th"]
[Site "Bad Sooden-Adf. (14.4.-22.4)"]
[Date "2012.04.17"]
[Round "4.4"]
[White "Lenk, Wolfgang"]
[Black "Van den Berg, Ad"]
[Result "1/2-1/2"]
[WhiteElo "2022"]
[BlackElo "1998"]
[PlyCount "28"]
[EventDate "2012.04.??"]
[EventType "swiss"]
[EventRounds "9"]
[EventCountry "GER"]
[WhiteTeam "Dresden TU USV"]
[BlackTeam "NED/Philidor Leiden"]
[BlackTeamCountry "NED"]

1. e4 c5 2. Nf3 Nc6 3. Bb5 e5 4. O-O Nge7 5. c3 a6 6. Bc4 b5 7. Bd5 d6 8. d4
Rb8 9. Be3 c4 10. b3 Nxd5 11. exd5 exd4 12. Bxd4 Ne7 13. Re1 cxb3 14. axb3 f6
1/2-1/2